Starbucks Beverages - Statistics

General Stats
  • This quiz has been taken 196 times
  • The average score is 3 of 15
Answer Stats
Items Answer % Correct
2. Latte
86%
14. Mocha
45%
12. Americano
41%
10. Cappuccino
33%
1. Caramel Macchiato
29%
8. White Mocha
20%
15. Green Tea Latte
5%
13. Brewed Coffee
4%
5. Doppio Espresso
4%
3. Espresso Macchiato
4%
7. Quad Espresso
4%
9. Ristretto Bianco
4%
4. Solo Espresso
4%
11. Tea Latte
4%
6. Triple Espresso
4%
No matching quizzes found
Score Distribution
Percent of People with Each Score
Percentile by Number Answered
Your Score History
You have not taken this quiz